| 000 | 00426nam a2200157Ia 4500 | ||
|---|---|---|---|
| 008 | 230917s9999||||xx |||||||||||||| ||und|| | ||
| 040 |
_e198846 _aMAIN |
||
| 041 | _aEnglish | ||
| 082 | _a364.072 B124F(2) | ||
| 100 | _aBachman, Ronet | ||
| 245 | 0 | _aFundamentals of research in criminology and criminal justice | |
| 250 | _a2nd ed. | ||
| 260 |
_aNew Delhi _bSage Publications _c2012 |
||
| 300 | _axix, 375 p. | ||
| 942 | _cBK | ||
| 999 |
_c159217 _d159217 |
||